| 000 | 00825nam a22001815i 4500 | ||
|---|---|---|---|
| 001 | 157742 | ||
| 003 | ES-MaACL | ||
| 005 | 20230906210831.0 | ||
| 008 | 040818s1880 sp |||| | spa d | ||
| 040 |
_aCAM _bspa _cCAM |
||
| 110 | 2 |
_aLiga de Contribuyentes de Granada. _9134647 |
|
| 245 | 1 | 0 |
_aMemoria leida por el presidente de la misma Don Pablo Diaz y Jimenez en la junta general extraordinaria celebrada el dia 14 de marzo de 1880 / _cLiga de Contibuyentes [sic] de Granada. |
| 260 |
_aGranada : _b[s.n.], _c1880 ( _fImprenta de La Lealtad) |
||
| 300 |
_a43 p. ; _c21 cm. |
||
| 700 | 1 |
_aDiaz y Jimenez, Pablo. _9126788 |
|
| 710 | 2 |
_aLiga de Contribuyentes de Granada _j-Memorias. _9134647 |
|
| 852 |
_aES-MaACL _jL-4906(13-5) _z-- Enc. hol. _z-- Donativo Roda _q-- Falto de la cub. original _z-- Enc. en un vol. facticio |
||
| 999 |
_c157742 _d157742 |
||